000 00561nam a2200205 4500
001 148838
003 ES-MaACL
005 20230906202830.0
007 t|
008 070214s1981 sp r ||||1| spa d
100 1 _aSubirats, Eduardo.
_9108696
245 1 3 _aLa ilustración insuficiente /
_cEduardo Subirats.
260 _aMadrid :
_bTaurus,
_c1981.
300 _a142 p. ;
_c21 cm.
490 1 _aEnsayistas
830 0 _aEnsayistas
_9177257
852 _aES-MaACL
_jL-795
_bR.101589
852 _aES-MaACL
_jL-1231
_bR.101516
999 _c148838
_d148838